|
|
|
|
| LEADER |
00819nam a22001811a 4500 |
| 020 |
|
|
|a 9788178542195
|
| 082 |
|
|
|a 181.43
|b VPB/P.2
|
| 100 |
|
|
|a V P Bhatta
|
| 245 |
|
|
|a Perception the pratyaksa khanda of the tattvacintamani (v.2)
|b : with introduction, sanskrit text, translation and explanation/
|c by V P Bhatta.
|
| 260 |
|
|
|a Delhi:
|b Eastern Book Linkers,
|c 2012.
|
| 300 |
|
|
|a 840p.
|
| 650 |
|
|
|a Nyaya Philosophy
|
| 650 |
|
|
|a Philosophy India
|
| 650 |
|
|
|a Philosophy
|
| 942 |
|
|
|c BK
|
| 999 |
|
|
|c 56165
|d 56165
|
| 952 |
|
|
|0 0
|1 0
|4 0
|6 181_430000000000000_VPB_P_2
|7 0
|9 79601
|a SSUS
|b SSUS
|c STACKS
|d 2015-09-01
|g 2250.00
|l 1
|o 181.43 VPB/P.2
|p 078780
|r 2016-02-08
|s 2016-01-14
|w 2015-09-01
|y BK
|
| 952 |
|
|
|0 0
|1 0
|4 0
|6 181_430000000000000_VPB_P_2
|7 0
|9 79602
|a SSUS
|b SSUS
|c STACKS
|d 2016-03-02
|g 2250.00
|o 181.43 VPB/P.2
|p 080936
|r 2016-03-02
|w 2016-03-02
|y BK
|